Pochúťky a misy z hydiny ako varí majster kuchár František Janata

Bibliographic Details
Main Author: Janata, František, 1946- (Author)
Other Authors: Horák, Boris, 1959- (Photographer)
Format: Book
Language:Slovak
PhysicalDescription:128 s. fareb. fotogr. 19 cm
Published: Bratislava Plat4M Books 2013
ISBN:9788089642052
Edition:1. vyd.
Subjects:

MARC

LEADER 00000cam a2200000 a 4500
001 vtls010518357
003 SK-MaSNL
005 20260302012847.0
008 240314s2013 xo oa g 000 0dslo
015 |a SNBA2013/11 
020 |a 9788089642052  |q (brož.) 
040 |a SNK  |b slo  |c SNK  |e AACR2 
041 0 |a slo 
044 |a xo  |c SK 
072 7 |a 641  |x Kuchárstvo. Potraviny. Varené jedlá  |2 konspekt 
080 |a 641.55:637.54  |2 2001 
080 |a (083.12)  |2 2001 
080 |a 641.55  |2 2001 
100 1 |a Janata, František,  |d 1946-  |4 aut  |9 655385 
245 1 0 |a Pochúťky a misy z hydiny  |b ako varí majster kuchár František Janata  |c František Janata ; [foto: Boris Horák] 
250 |a 1. vyd. 
260 |a Bratislava  |b Plat4M Books  |c 2013 
300 |a 128 s.  |b fareb. fotogr.  |c 19 cm 
650 0 7 |a hydinové jedlá  |2 SNKPH  |9 69426 
650 0 7 |a príprava jedál  |2 SNKPH  |9 57003 
650 0 7 |a Cookery (poultry)  |2 SNKPHeng  |9 336213 
650 0 7 |a Meals preparation  |2 SNKPHeng  |9 304684 
655 7 |a kuchárske recepty  |2 SNKPH  |9 70493 
655 7 |a Cookbooks  |2 SNKPHeng  |9 270340 
700 1 |a Horák, Boris,  |d 1959-  |4 pht  |9 426393 
852 |a Štátna vedecká knižnica v Banskej Bystrici 
919 |a 978-80-8964-205-2 
999 |c 1010939  |d 1012869 
952 |a SNK  |b SNK  |y PREZ  |7 0  |p 17A1091589  |o snkSD 82613  |i snk2013/26674  |8 0  |0 0  |1 0  |4 0  |d 2013-11-04  |l 0  |r 2025-12-04 00:00:00  |w 2026-02-24 
952 |a SNK  |b SNK  |y VYP  |7 0  |p 17A1091590  |o snkSD 82613 D1  |i snk2013/26675  |8 0  |0 0  |1 0  |4 0  |d 2013-11-04  |l 0  |r 2017-06-30 00:00:00  |w 2026-02-24